दीनजन / (Record no. 39059)
[ view plain ]
| 000 -LEADER | |
|---|---|
| fixed length control field | 01190nam a22002417a 4500 |
| 005 - DATE AND TIME OF LATEST TRANSACTION | |
| control field | 2010080302192.0 |
| 010 ## - LCCN (DPL NO) | |
| LC control number | HIN-89980 |
| 020 ## - INTERNATIONAL STANDARD BOOK NUMBER | |
| Terms of availability | 325.00 |
| International Standard Book Number | 8181050347 |
| 035 ## - SYSTEM CONTROL NUMBER | |
| System control number | HN-62326 |
| 037 ## - SOURCE OF ACQUISITION | |
| Source of stock number/acquisition | DBAD / PUB |
| 082 ## - DEWEY DECIMAL CLASSIFICATION NUMBER | |
| Classification number | उ |
| 100 ## - MAIN ENTRY--PERSONAL NAME | |
| Personal name | चट्टोपाध्याय, संजीव |
| 245 ## - TITLE STATEMENT | |
| Title | दीनजन / |
| Statement of responsibility, etc | संजीव चट्टोपाध्याय;ममता खरे द्वारा अनुवादित |
| 246 ## - VARYING FORM OF TITLE | |
| Title proper/short title | Deenjan |
| Remainder of title | by Sanjeev Chattopadhyay;Translated by Mamta Khare |
| 260 ## - PUBLICATION, DISTRIBUTION, ETC. (IMPRINT) | |
| Place of publication, distribution, etc | दिल्ली |
| Name of publisher, distributor, etc | गौरव प्रकाशन |
| Date of publication, distribution, etc | 2010 |
| 270 ## - ADDRESS | |
| Address | 518/6-बी, कड़कड़ी रोड़, विश्वास नगर, शाहदरा |
| City | दिल्ली |
| Postal code | 110032 |
| 300 ## - PHYSICAL DESCRIPTION | |
| Extent | 256पृ. |
| Dimensions | 22सेमी (सजिल्द) |
| 650 ## - SUBJECT ADDED ENTRY--TOPICAL TERM | |
| Topical term following geographic name as entry element | हिन्दी कथा साहित्य |
| 650 ## - SUBJECT ADDED ENTRY--TOPICAL TERM | |
| Topical term following geographic name as entry element | Hindi Katha Sahitya |
| 700 ## - ADDED ENTRY--PERSONAL NAME | |
| 9 (RLIN) | 5361 |
| Personal name | खरे, ममता |
| 942 ## - ADDED ENTRY ELEMENTS (KOHA) | |
| Source of classification or shelving scheme | Dewey Decimal Classification |
| Item type | Hindi Books |
| Classification part | उ |
| Call number suffix | चट्टोपा |
| Withdrawn status | Lost status | Not for loan | Collection code | Home library | Current library | Date acquired | Source of acquisition | Cost, normal purchase price | Full call number | Barcode | Copy number | Cost, replacement price | Koha item type |
|---|---|---|---|---|---|---|---|---|---|---|---|---|---|
| Not For Loan | Fiction | D.B.Act.Division | D.B.Act.Division | 03/08/2010 | DBAD / PUB | 325.00 | उ चट्टोपा | HN-62326 | 1 | 325.00 | Hindi Books |
